| 000 | 00444nam a2200157Ia 4500 | ||
|---|---|---|---|
| 005 | 20241213171722.0 | ||
| 008 | 231217s9999 xx 000 0 und d | ||
| 020 | _a9788131718407 | ||
| 082 | _a001.64404 COU;31 | ||
| 100 | _aCoulouris, George. Dollimore, Jean. Kindberg, Tim. | ||
| 245 | 0 | _aDistributed systems : concepts and design | |
| 250 | _a4th ed. | ||
| 260 |
_c2009 _bDorling Kindersley _aNoida |
||
| 300 | _axiv, 849 | ||
| 942 | _cAA | ||
| 999 |
_c194447 _d194447 |
||